University Home | Library Home | Institutional Repository

Towards 'Uhuru' in Tanzania. (Record no. 8431)

MARC details
000 -LEADER
fixed length control field 00618cam7a220021700 4500
001 - CONTROL NUMBER
control field zam00002906
008 - FIXED-LENGTH DATA ELEMENTS--GENERAL INFORMATION
fixed length control field 951128s1969 xx eng u
035 ## - SYSTEM CONTROL NUMBER
System control number (Sirsi) r20243
035 ## - SYSTEM CONTROL NUMBER
System control number (MACHINE)SLC.
100 ## - MAIN ENTRY--PERSONAL NAME
Personal name Maguire, G. A.
Linkage A81521.1
245 10 - TITLE STATEMENT
Title Towards 'Uhuru' in Tanzania.
260 ## - PUBLICATION, DISTRIBUTION, ETC.
Date of publication, distribution, etc. 1969.
591 ## -
-- Class code: PL 110.
591 ## -
-- Course: Introduction to government and politics.
591 ## -
-- School: S05.
591 ## -
-- Lecturer: Dr. LAWSON, L.A.
591 ## -
-- Number of Students: 170.
949 ## - LOCAL PROCESSING INFORMATION (OCLC)
a JQ3519.S83
w lcc
m MAIN
p 2500
t SHORTLOAN
l SHORTLOAN
909 ## -
-- Book
Holdings
Withdrawn status Lost status Source of classification or shelving scheme Damaged status Not for loan Home library Current library Shelving location Total Checkouts Full call number Barcode Date last seen Copy number Price effective from Koha item type
    Library of Congress Classification     Main Library Main Library Academic reserves/Short loan   JQ3519.S83 65376-1001 08/12/2019 1 08/12/2019 Short Loan material
© 2026 - The University of Zambia Library - Koha v25.11